Conquerors - Statistics

General Stats
  • This quiz has been taken 49 times
  • The average score is 4 of 12
Answer Stats
Hint Answer % Correct
Greece, Egypt, Persia Alexander
95%
Czechoslovakia, Poland, France Adolf Hitler
65%
Finland, Estonia, Poland Iosif Stalin
58%
Holy Roman Empire, Spain, Italy Napoleon
38%
Western Xia, Khwarezmia, Caucasus Genghis Khan
35%
Media, Lydia, Babylonia Cyrus the Great
33%
Lombardy, Bavaria, Saxonia Charlemagne
25%
Persia, Delhi Sultanate, Levant Tamerlane
25%
Hispania, Numidia, Carthage Scipio
23%
Illyria, Gaul, Italy Attila
10%
Syria, Mitanni, Nubia Tuthmose III
10%
Sistan, Punjab, Thanesar Mahmud of Ghanzi
5%
No matching quizzes found
Score Distribution
Percent of People with Each Score
Percentile by Number Answered
Your Score History
You have not taken this quiz